[Event "Richard Riordan GM Blitz"]
[Site "Natanya ISR"]
[Date "2009.07.16"]
[Round "1"]
[White "Najer,E"]
[Black "Fridman,D2"]
[Result "0-1"]
[WhiteElo "2663"]
[BlackElo "2665"]
[EventDate "2009.07.16"]

1. d4 d5 2. c4 e6 3. Nc3 Be7 4. Nf3 Nf6 5. Bg5 h6 6. Bxf6 Bxf6 7. e3 O-O 8.
cxd5 exd5 9. b4 a5 10. b5 c5 11. Rc1 cxd4 12. Nxd4 Be6 13. Be2 Nd7 14. Bg4
Bxd4 15. Qxd4 Bxg4 16. Qxg4 Nf6 17. Qd4 Rc8 18. O-O Rc4 19. Qd3 Rc5 20. Na4
Rc7 21. b6 Rxc1 22. Rxc1 Qd7 23. Qd4 Rc8 24. Rxc8+ Qxc8 25. h3 Qc6 26. Nc3
Kf8 27. a4 Ke7 28. Qe5+ Kd7 29. Nb5 Qxb6 30. Qb8 Ne8 31. Qe5 Qe6 32. Qb8
Qc6 33. Qe5 Nf6 34. Qg3 g6 35. Qe5 Ne4 36. Qf4 f5 37. Qxh6 Qc1+ 38. Kh2 Kc6
39. Qxg6+ Kc5 40. Qxf5 Qf1 41. Nc7 Nc3 42. Ne6+ Kc4 43. Qf4+ Kd3 44. Nc5+
Kc2 45. Qf5+ Kb2 46. h4 Ne2 47. Qe5+ d4 48. Nd3+ Kc3 49. Nf4 Qg1+ 50. Kh3
Nxf4+ 51. exf4 Qxf2 52. Qxa5+ Kd3 0-1

[Event "Richard Riordan GM Blitz"]
[Site "Natanya ISR"]
[Date "2009.07.16"]
[Round "2"]
[White "Sutovsky,E"]
[Black "Najer,E"]
[Result "1-0"]
[WhiteElo "2675"]
[BlackElo "2663"]
[EventDate "2009.07.16"]

1. e4 e5 2. Nf3 Nc6 3. Bb5 Nf6 4. O-O Nxe4 5. Qe2 Nd6 6. Bxc6 dxc6 7. Qxe5+
Qe7 8. Qa5 Qd8 9. Qc3 Be7 10. Qxg7 Bf6 11. Qh6 Be6 12. d3 Rg8 13. Re1 Qe7
14. Nc3 O-O-O 15. Bf4 Rg6 16. Qh5 Qd7 17. Ne5 Bxe5 18. Qxe5 Rdg8 19. Bg3
Rg5 20. Qe3 h5 21. Qxa7 Qe8 22. h4 Rg4 23. Ne4 Nxe4 24. dxe4 Kd7 25. Qxb7
Rxg3 26. Rad1+ 1-0

[Event "Richard Riordan GM Blitz"]
[Site "Natanya ISR"]
[Date "2009.07.16"]
[Round "2"]
[White "Eljanov,P"]
[Black "Roiz,M"]
[Result "1/2-1/2"]
[WhiteElo "2716"]
[BlackElo "2658"]
[EventDate "2009.07.16"]

1. Nf3 Nf6 2. c4 e6 3. g3 d5 4. d4 Bb4+ 5. Bd2 Be7 6. Bg2 O-O 7. O-O Nbd7
8. Qb3 Nb6 9. c5 Nc4 10. Bf4 b6 11. cxb6 cxb6 12. Nc3 Bb7 13. Rac1 Rc8 14.
Ne5 a6 15. Qd1 Nxb2 16. Qb3 Nc4 17. a4 Nd7 18. Nxc4 Rxc4 19. e4 Rb4 20. Qa2
Nf6 21. e5 Nd7 22. Be3 Nb8 23. h4 Nc6 24. Ne2 Na5 25. Bd2 Rc4 26. Bxa5 Rxc1
27. Nxc1 bxa5 28. Nd3 Bc6 29. Rc1 Qd7 30. Qd2 Bxa4 31. Qxa5 Bb5 32. Nc5 Qa7
33. Bf1 Bxf1 34. Kxf1 Rc8 35. Kg2 g6 36. h5 gxh5 37. Qa3 Bxc5 38. dxc5 Qe7
39. Qe3 Rc6 40. Rc3 a5 41. Qd4 a4 42. Qxa4 Qc7 43. Qf4 Rxc5 44. Qg5+ Kf8
45. Ra3 Ra5 46. Rb3 d4 47. Qf6 Rxe5 48. Rb8+ Qxb8 49. Qh8+ Ke7 50. Qxb8 Rd5
51. Qb4+ Kf6 52. Kf1 d3 53. Qf4+ Kg6 54. Ke1 d2+ 55. Kd1 h6 56. f3 Kg7 57.
Qe4 Rd7 58. Qe5+ Kg6 59. f4 Rd5 60. f5+ Kh7 61. Qc7 Rxf5 62. Kxd2 Kg7 63.
Ke3 Kg6 64. Ke4 Kg7 65. Qc3+ Kh7 66. Qd4 Kg8 67. Qd8+ Kg7 68. Qe7 Kg8 69.
Qe8+ Kg7 70. Ke3 Re5+ 71. Kf3 Rf5+ 72. Ke4 Rg5 73. Kf4 Rf5+ 1/2-1/2

[Event "Richard Riordan GM Blitz"]
[Site "Natanya ISR"]
[Date "2009.07.16"]
[Round "5"]
[White "Najer,E"]
[Black "Avrukh,B"]
[Result "1-0"]
[WhiteElo "2663"]
[BlackElo "2641"]
[EventDate "2009.07.16"]

1. e4 c5 2. Nf3 d6 3. Bb5+ Nd7 4. O-O Ngf6 5. Re1 a6 6. Bf1 b6 7. c3 Bb7 8.
d3 e6 9. Nbd2 Be7 10. d4 cxd4 11. cxd4 O-O 12. Bd3 Rc8 13. Nf1 e5 14. d5 g6
15. Ng3 Ne8 16. Qe2 Nc5 17. Bc2 a5 18. Bh6 Ng7 19. Rad1 Qd7 20. h3 Ba6 21.
Qd2 Qb5 22. b3 Rc7 23. h4 Rfc8 24. h5 Qd7 25. Nh2 Na4 26. Rc1 Nc3 27. Bd3
Bxd3 28. Qxd3 Nxa2 29. Rxc7 Qxc7 30. Qe2 Nb4 31. Qg4 Nd3 32. Re3 Nf4 33.
Bxf4 exf4 34. Qxf4 Qd8 35. Rf3 Qf8 36. Ng4 f5 37. exf5 Nxf5 38. hxg6 hxg6
39. Nxf5 gxf5 40. Nh6+ Kh7 41. Nxf5 Bf6 42. Qg4 Rc1+ 43. Kh2 Be5+ 44. g3
Qf7 1-0

[Event "Richard Riordan GM Blitz"]
[Site "Natanya ISR"]
[Date "2009.07.16"]
[Round "5"]
[White "Gelfand,B"]
[Black "Roiz,M"]
[Result "1-0"]
[WhiteElo "2755"]
[BlackElo "2658"]
[EventDate "2009.07.16"]

1. Nf3 Nf6 2. c4 e6 3. g3 d5 4. b3 Nbd7 5. Bg2 Bd6 6. O-O O-O 7. Bb2 c6 8.
d4 Ne4 9. Ne5 f5 10. Nd3 b6 11. Nd2 Nxd2 12. Qxd2 Qe7 13. f3 Ba6 14. Rac1
Rac8 15. e4 fxe4 16. fxe4 dxc4 17. Rxf8+ Rxf8 18. bxc4 e5 19. d5 cxd5 20.
cxd5 Nc5 21. Nxc5 Bxc5+ 22. Kh1 Rf2 23. Qc3 Bd4 24. Ba3 Bxc3 25. Bxe7 Rxa2
26. d6 Bc8 1-0

[Event "Richard Riordan GM Blitz"]
[Site "Natanya ISR"]
[Date "2009.07.16"]
[Round "6"]
[White "Avrukh,B"]
[Black "Rodshtein,M"]
[Result "0-1"]
[WhiteElo "2641"]
[BlackElo "2623"]
[EventDate "2009.07.16"]

1. d4 d5 2. c4 c6 3. Nf3 Nf6 4. Nc3 e6 5. g3 dxc4 6. Bg2 b5 7. Ne5 Nd5 8.
e4 Nxc3 9. bxc3 Bb7 10. O-O Nd7 11. Ng4 Be7 12. e5 Qb6 13. a4 a6 14. Ne3 g6
15. Rb1 Qc7 16. f4 Nb6 17. Bd2 Rd8 18. Qc2 c5 19. Bxb7 Qxb7 20. axb5 cxd4
21. bxa6 Qxa6 22. cxd4 O-O 23. Ra1 Qb7 24. Rfb1 Rxd4 25. Ng4 Qf3 26. Be3
Rd3 27. Qf2 Qxg4 28. Rxb6 Rfd8 29. Rf1 c3 30. Rc6 h5 31. Rc7 Bf8 32. Bb6
Rd2 33. Qf3 Qh3 34. Bf2 c2 35. Re1 R8d3 36. Qg2 Qxg2+ 37. Kxg2 Ba3 38. Rc8+
Kg7 0-1

[Event "Richard Riordan GM Blitz"]
[Site "Natanya ISR"]
[Date "2009.07.16"]
[Round "6"]
[White "Eljanov,P"]
[Black "Najer,E"]
[Result "0-1"]
[WhiteElo "2716"]
[BlackElo "2663"]
[EventDate "2009.07.16"]

1. d4 d5 2. Bf4 Nf6 3. e3 Bg4 4. Nf3 e6 5. c4 c6 6. Nc3 Nbd7 7. Qb3 Bxf3 8.
gxf3 Qb6 9. c5 Qxb3 10. axb3 a6 11. b4 Rc8 12. Bg3 g6 13. Na2 Nh5 14. Nc1
Nxg3 15. hxg3 e5 16. Nb3 Bg7 17. Kd2 h5 18. Bd3 f5 19. f4 exd4 20. Nxd4 Kf7
21. f3 Rce8 22. Rhg1 Rxe3 23. Kxe3 Re8+ 24. Kd2 Bxd4 25. Rge1 Rxe1 26. Rxe1
Bf2 27. Ra1 Bxg3 28. Ke3 h4 29. b5 axb5 30. b4 h3 31. Bf1 h2 32. Bg2 Ke7
33. Ra7 Be1 34. Rxb7 Bxb4 35. Kf2 Bxc5+ 36. Kg3 Bg1 37. Kh4 d4 38. Ra7 d3
39. Ra1 c5 40. Rd1 c4 41. Kg5 Kf7 0-1

[Event "Richard Riordan GM Blitz"]
[Site "Natanya ISR"]
[Date "2009.07.16"]
[Round "7"]
[White "Nepomniachtchi,I"]
[Black "Avrukh,B"]
[Result "1-0"]
[WhiteElo "2632"]
[BlackElo "2641"]
[EventDate "2009.07.16"]

1. e4 c5 2. Nf3 d6 3. d4 cxd4 4. Nxd4 Nf6 5. Nc3 Nc6 6. Bc4 e6 7. Be3 Be7
8. Qe2 Bd7 9. O-O-O Rc8 10. Rhg1 Na5 11. Bd3 O-O 12. g4 Be8 13. g5 Nd7 14.
f4 e5 15. Nf5 exf4 16. Nd5 fxe3 17. Ndxe7+ Kh8 18. Rg3 Rc5 19. Qh5 h6 20.
Nxg7 Qxe7 21. Qxh6+ Kg8 22. Rh3 Nb8 1-0

[Event "Richard Riordan GM Blitz"]
[Site "Natanya ISR"]
[Date "2009.07.16"]
[Round "7"]
[White "Najer,E"]
[Black "Roiz,M"]
[Result "0-1"]
[WhiteElo "2663"]
[BlackElo "2658"]
[EventDate "2009.07.16"]

1. e4 e6 2. d4 d5 3. Nc3 dxe4 4. Nxe4 Nd7 5. Bd3 c5 6. Nf3 Ndf6 7. O-O Nxe4
8. Bxe4 Nf6 9. Bg5 Qb6 10. c3 cxd4 11. Nxd4 0-1

[Event "Richard Riordan GM Blitz"]
[Site "Natanya ISR"]
[Date "2009.07.16"]
[Round "7"]
[White "Fridman,D2"]
[Black "Golod,V"]
[Result "1/2-1/2"]
[WhiteElo "2665"]
[BlackElo "2599"]
[EventDate "2009.07.16"]

1. d4 Nf6 2. c4 e6 3. Nf3 d5 4. g3 dxc4 5. Bg2 c5 6. O-O Nc6 7. Qa4 Bd7 8.
dxc5 Bxc5 9. Qxc4 Qe7 10. Bg5 Bb6 11. Nc3 h6 12. Bxf6 Qxf6 13. Rfd1 Qe7 14.
Na4 O-O 15. Nxb6 axb6 16. Qb3 Ra6 17. a3 e5 18. e3 Be6 19. Qb5 Qc7 20. Rac1
Ra5 21. Qd3 Rd5 22. Qe4 Rfd8 23. Rxd5 Bxd5 24. Qf5 Qe7 25. Nh4 Bxg2 26.
Kxg2 b5 27. Rc2 g6 28. Qg4 Qd7 29. Qxd7 Rxd7 30. Rc5 b4 31. axb4 Nxb4 32.
Nf3 Nd3 33. Rb5 f6 34. e4 g5 35. Kf1 Rc7 36. Ke2 Nc5 37. Nd2 Ne6 38. Rb6
Nd4+ 39. Kd3 Rd7 40. Nc4 Kg7 41. Rd6 Rc7 42. Ne3 1/2-1/2

[Event "Richard Riordan GM Blitz"]
[Site "Natanya ISR"]
[Date "2009.07.16"]
[Round "10"]
[White "Roiz,M"]
[Black "Fridman,D2"]
[Result "1/2-1/2"]
[WhiteElo "2658"]
[BlackElo "2665"]
[EventDate "2009.07.16"]

1. d4 e6 2. c4 b6 3. Nc3 Bb7 4. a3 g6 5. e4 Bg7 6. Nf3 d6 7. Be3 Nd7 8. Be2
Ne7 9. Qd2 h6 10. O-O a6 11. b4 f5 12. exf5 Nxf5 13. Rac1 O-O 14. d5 Qe7
15. Nd4 Nxd4 16. Bxd4 Bxd4 17. Qxd4 e5 18. Qe3 g5 19. Ne4 a5 20. Bg4 axb4
21. axb4 Nf6 22. Be6+ Kh8 23. Ng3 Bc8 24. Nf5 Qh7 25. Qh3 Ng8 26. g4 Rf6
27. Bxc8 Rxc8 28. c5 bxc5 29. bxc5 Ne7 30. cxd6 Nxf5 31. gxf5 Rxd6 32. f6
Re8 33. Rc6 Rxc6 34. dxc6 Rf8 35. Rd1 Qg6 36. Rd3 g4 37. Qe3 Qxf6 38. Rd5
Qxc6 39. Qxe5+ Qf6 40. Qxf6+ Rxf6 41. Rc5 c6 42. Kg2 Kg7 43. h3 Kf7 44. f4
1/2-1/2

[Event "Richard Riordan GM Blitz"]
[Site "Natanya ISR"]
[Date "2009.07.16"]
[Round "11"]
[White "Golod,V"]
[Black "Avrukh,B"]
[Result "0-1"]
[WhiteElo "2599"]
[BlackElo "2641"]
[EventDate "2009.07.16"]

1. d4 Nf6 2. c3 e6 3. Nf3 c5 4. g3 b6 5. Bg2 Bb7 6. O-O Be7 7. Bg5 d6 8.
Re1 Nbd7 9. Nbd2 O-O 10. e4 cxd4 11. cxd4 h6 12. Bxf6 Nxf6 13. e5 dxe5 14.
dxe5 Nd5 15. a3 b5 16. Qe2 Qb6 17. Ne4 Rac8 18. h4 b4 19. axb4 Nxb4 20.
Rec1 Ba6 0-1

[Event "Richard Riordan GM Blitz"]
[Site "Natanya ISR"]
[Date "2009.07.16"]
[Round "11"]
[White "Sutovsky,E"]
[Black "Roiz,M"]
[Result "1/2-1/2"]
[WhiteElo "2675"]
[BlackElo "2658"]
[EventDate "2009.07.16"]

1. e4 e6 2. d4 d5 3. Nc3 dxe4 4. Nxe4 Nd7 5. Nf3 Ngf6 6. Bg5 h6 7. Nxf6+
Nxf6 8. Bh4 c5 9. Bd3 Qa5+ 10. c3 cxd4 11. Nxd4 Bd7 12. O-O Be7 13. Re1 O-O
14. Bg3 Rfd8 15. Bc2 Rac8 1/2-1/2

[Event "Richard Riordan GM Blitz"]
[Site "Natanya ISR"]
[Date "2009.07.16"]
[Round "12"]
[White "Najer,E"]
[Black "Rodshtein,M"]
[Result "1/2-1/2"]
[WhiteElo "2663"]
[BlackElo "2623"]
[EventDate "2009.07.16"]

1. e4 c6 2. d4 d5 3. e5 Bf5 4. Nd2 e6 5. Nb3 Nd7 6. Be2 Ne7 7. g4 Be4 8. f3
Bg6 9. Nh3 h5 10. Nf2 c5 11. c3 Nc6 12. Bf4 Qb6 13. O-O Be7 14. Qd2 a5 15.
Be3 a4 16. Nxc5 Nxc5 17. dxc5 Bxc5 18. Bxc5 Qxc5 19. b4 axb3 20. axb3 Rc8
21. b4 Qb6 22. Qg5 hxg4 23. fxg4 Qc7 24. Bb5 Qe7 25. Qf4 O-O 26. Qg3 d4 27.
Bxc6 Rxc6 28. cxd4 Qxb4 29. Rad1 Rd8 30. Qf4 Rc4 31. h4 Rdxd4 32. Rxd4 Rxd4
33. Qg3 Rf4 34. h5 Bc2 35. Qe3 Kh7 36. Rc1 Rxg4+ 37. Nxg4 Qxg4+ 38. Kf2 Be4
39. h6 gxh6 40. Qg3 Qf5+ 41. Ke3 Bd5 42. Rg1 Qe4+ 43. Kf2 Qg6 44. Qf4 Qc2+
45. Kg3 Qd3+ 46. Kh2 Qe2+ 47. Kg3 Qd3+ 48. Kh4 Qe4 49. Qxe4+ Bxe4 50. Rg4
Bd5 51. Rb4 Kg6 52. Kg4 h5+ 53. Kf4 f6 54. exf6 Kxf6 55. Rb6 Bc6 56. Rb2
e5+ 57. Ke3 h4 58. Kf2 h3 59. Kg3 Bg2 60. Rb6+ Kf5 61. Rb4 Ke6 62. Rb6+ Kd7
63. Rb5 Kd6 64. Rb2 Kc6 65. Rc2+ Kd5 66. Rb2 Kc4 67. Rc2+ Kd3 68. Rb2 Kc3
69. Rb5 Kd4 70. Rb1 Be4 71. Rb4+ Ke3 72. Kxh3 Bc6 73. Kg3 b5 74. Rb1 e4 75.
Rc1 Bd5 76. Rb1 Bc4 77. Re1+ Be2 78. Rb1 Bd3 79. Rb4 Kd2 80. Kf4 e3 81.
Rb2+ Kc3 82. Rxb5 Bxb5 83. Kxe3 1/2-1/2

[Event "Richard Riordan GM Blitz"]
[Site "Natanya ISR"]
[Date "2009.07.16"]
[Round "13"]
[White "Avrukh,B"]
[Black "Eljanov,P"]
[Result "0-1"]
[WhiteElo "2641"]
[BlackElo "2716"]
[EventDate "2009.07.16"]

1. d4 Nf6 2. c4 e6 3. Nc3 Bb4 4. e3 O-O 5. Nge2 d5 6. a3 Be7 7. g3 Nbd7 8.
Bg2 Nb6 9. O-O a5 10. Qc2 Re8 11. Bd2 c6 12. cxd5 exd5 13. Rad1 a4 14. Bc1
Bf8 15. f3 Be6 16. Nf4 Qc8 17. e4 c5 18. Nxe6 fxe6 19. Ne2 cxd4 20. Qxc8
Raxc8 21. Nxd4 e5 22. Nf5 d4 23. f4 exf4 24. Rxf4 Rc2 25. Nh6+ gxh6 26.
Rxf6 Nc4 27. e5 Rxe5 28. Bxb7 d3 29. Rdf1 Bc5+ 30. Kh1 0-1

[Event "Richard Riordan GM Blitz"]
[Site "Natanya ISR"]
[Date "2009.07.16"]
[Round "13"]
[White "Nepomniachtchi,I"]
[Black "Najer,E"]
[Result "0-1"]
[WhiteElo "2632"]
[BlackElo "2663"]
[EventDate "2009.07.16"]

1. e4 e5 2. d4 exd4 3. Qxd4 Nc6 4. Qe3 g6 5. Nc3 Bg7 6. Bd2 Nf6 7. O-O-O
O-O 8. Qg3 d6 9. h4 a6 10. h5 b5 11. hxg6 fxg6 12. Nf3 Bg4 13. Ng5 Bxd1 14.
Nxd1 Qd7 15. Bc3 Nh5 16. Rxh5 gxh5 17. Ne6 Ne5 18. Nxf8 Rxf8 19. Ne3 Ng4
20. Bxg7 Qxg7 21. Nf5 Qe5 22. f4 Qxe4 23. Bd3 Qe6 24. Nh4 Rxf4 25. Nf3 Qe3+
26. Kb1 c5 27. a3 c4 28. Bf5 Rxf5 29. Qxd6 Rxf3 30. gxf3 Qxf3 31. Qxa6 Qd5
32. Qa7 h4 33. Qc7 h5 34. Qc8+ Kg7 35. Qc7+ Kg6 36. Qb6+ Kf5 37. Qg1 Qf3
38. Qc5+ Ne5 39. Qf8+ Ke4 40. Qa8+ Ke3 41. Qa7+ Ke2 42. Qd4 Ng4 43. Ka2 h3
0-1